000 01060nam a2200313Ia 4500
001 Z_1487
003 CHAP
008 220113s1993 xx 000 0 und d
010 _a164576
040 _cCHAP
090 _aTesis A 784
100 _aAlvarado Mata, Manuel
_94799
245 _aEfecto de la suplementación mineral con tres niveles de energía y proteína en cabritos alimentados con dietas a base de rastrojo de maíz /
_cpor M. Alvarado Mata y V. E. Carrillo Flores
260 _aChapingo, Méx. :
_bEl autor,
_c1993
300 _a49 h. : gráfs.
502 _aTesis (Ing. Agr. Esp. en Zootecnia) -- UACH. Departamento de Zootecnia
650 _aForrajes
_xValor nutritivo
_942601
650 _aGanado cabrío
_xAlimentación
_944990
650 _aGanado cabrío
_xNutrición
_945030
650 _aMinerales en nutrición animal
_975937
650 _aRastrojo de maíz
_9137869
700 _aCarrillo Flores, Vicente
_9138655
901 _aTESIS A 784
902 _aM
910 _a1993
942 _c2
942 _c2
999 _c164576
_d164576